| 000 | 01630nam a2200229Ia 4500 | ||
|---|---|---|---|
| 008 | 260220t1957||||xx |||||||||||||| ||spa|| | ||
| 040 |
_aPY-SlUNAC _bspa _erda |
||
| 041 | _aspa | ||
| 082 |
_a677.57 _bEs61i |
||
| 245 | 0 | _aLa industria del papel en los Estados Unidos | |
| 264 |
_aMadrid : _bEl Ministerio, _c℗1957. |
||
| 300 | _a1 volumen | ||
| 520 | _aLa industria del papel en los Estados Unidos, publicado por El Ministerio en 1957, ofrece un análisis exhaustivo de la evolución y el desarrollo de la producción de papel en el país. A través de un enfoque histórico y económico, el libro examina los avances tecnológicos y las condiciones sociales que han influido en el crecimiento de esta industria clave. Se destacan las principales empresas y regiones productoras, así como los cambios en la demanda y el consumo de papel a lo largo de las décadas. Además, se aborda el impacto ambiental de la producción de papel y las respuestas de la industria ante la creciente preocupación por la sostenibilidad. El texto proporciona una visión integral de los desafíos y oportunidades que enfrenta el sector, así como las tendencias que podrían marcar su futuro. En conjunto, esta obra se erige como una fuente valiosa para investigadores, estudiantes y profesionales interesados en la economía industrial y la historia empresarial de Estados Unidos. | ||
| 651 | _aEstados Unidos de América | ||
| 653 | _aIndustria | ||
| 653 | _aPapel | ||
| 942 |
_b2026/02/17 _cBK |
||
| 999 |
_c8840 _d8840 |
||